| 000 | 01335aam a2200313 i 4500 | ||
|---|---|---|---|
| 001 | 768714001 | ||
| 003 | CO-MdFUSB | ||
| 005 | 20211216142816.0 | ||
| 007 | ta | ||
| 008 | 211216t1983 us |||| |||| 00| 0 spa d | ||
| 020 | _a0829713425 | ||
| 040 |
_bspa. _aCO-MdFUSB _cCO-MdFUSB _dCO-MdFUSBC _erda |
||
| 041 | _aspa | ||
| 082 | 0 | 4 |
_a280.092 _223 _bB7911b |
| 100 | 1 |
_aBoyer, Orlando _eautor |
|
| 245 | 1 | 0 |
_aBiografías de grandes cristianos _c/ Orlando Boyer ; traducido por Shily Kjellgreen, |
| 264 | 1 |
_aMiami, FL., USA : _bVida, _c[1983] |
|
| 264 | 4 | _c© 1983 | |
| 300 |
_a154 páginas _c; 18 cm |
||
| 336 |
_atexto _btxt _2rdacontent |
||
| 337 |
_2rdamedia _asin mediación _bn |
||
| 338 |
_2rdacarrier _avolumen _bnc |
||
| 505 | _aTomo I: El misterio de los grandes cristianos. Jerónimo Savonarola 1452-1498. -- Martín Lutero 1483-1546. -- Juan Bunyan 1628-1688. -- Jonatán Edwards 1703-1758 -- Juan Wesley 1703-1791. -- Jorge Whitebield 1714-1770. -- David Brainerd 1718-1747. -- Guillermo Carey 1761-1834. -- Christmas Evans 1766-1838. -- Enrique Martyn 1781-1812. -- Adoniram Judson 1788-1850. -- Carlos Finney 1792-1875. -- El Salvador espera y el mundo carece. | ||
| 563 | _aRústico | ||
| 650 | 0 |
_91238 _aBiografías cristianas |
|
| 700 |
_95997 _aKjellgreen, Shily, _etraductor |
||
| 942 | _cBK | ||
| 945 | _aJTF-925 | ||
| 999 |
_c38894 _d38894 |
||